00511nam a22001577a 450000500170000000800410001702000280005804000090008604100130009508200200010810000260012824501330015426000360028730000080032365000220033120260318123442.0260318b |||||||| |||| 00| 0 eng d a9783790813814c10489.95 aMAIN aJapanese a337.520952bCAN aHolzhausen, Arne (ed) aCan Japan Globalize b: Studies on Japan's Changing Political Economy and the Proses of Globalization in Honour of Sung jo Park  aNew YorkbPhysica Verlag c2001 a468 aJapanese Language